| 000 | 00550nam a22001937a 4500 | ||
|---|---|---|---|
| 003 | OSt | ||
| 005 | 20151106144215.0 | ||
| 008 | 151106b xxu||||| |||| 00| 0 eng d | ||
| 020 | _a1858056489 | ||
| 040 | _cDDC | ||
| 050 |
_a658.3 _bCOL 1997 |
||
| 100 |
_aCole G.A; _95278 |
||
| 245 |
_aPersonnel Management; _bTheory and Practice |
||
| 260 |
_aLondon _bELST -Educational Low-Priced Sponsored Texts _c1997 |
||
| 300 |
_axii,410p; _bill: _c30cm |
||
| 504 | _aincludes index and bibliography | ||
| 650 |
_aHuman Resourse mgt _96005 |
||
| 942 |
_2ddc _cSLOAN |
||
| 999 |
_c2452 _d2452 |
||